| 000 | 02182nac a22003011u 4500 | ||
|---|---|---|---|
| 010 | _a 2002007221 | ||
| 020 | _a0804743851 (cloth : alk. paper) | ||
| 082 | 0 | 0 |
_a658.4092 _bELL |
| 090 |
_c8369 _d8369 |
||
| 100 | _aEllsworth, Richard R. | ||
| 245 | 1 | 0 |
_aLeading with purpose : _bthe new corporate realities / _cRichard R. Ellsworth. |
| 260 |
_aStanford : _bStanford Business Books,c2002. _cc2002. |
||
| 300 |
_axiv, 407 p. ; _c24 cm. |
||
| 500 | _aDistributer: Al-Ahram. | ||
| 504 | _aIncludes bibliographical references (p. [378]-392) and index. | ||
| 505 | 8 | _aMachine generated contents note: PART I Influences on Meaning, Strategy, Managing, and Performance -- 1 Purpose and Performance: Leveraging the Essence of a Corporation -- 2 Corporations and Individuals: Creating Meaning and Competitiveness -- 3 Strategy: Defining Corporate Mission, Priorities, and Direction -- 4 Managing: Transforming Purpose into Action --PART II Capital Markets, Property Rights, and the Individual -- 5 Capital-Market Relationships: The Myths of Shareholder Wealth Maximization -- 6 Property Rights: The Shareholders' Rights and Responsibilities -- 7 Individualism: America's Competitive Advantage -- PART III Competing Purposes in the Global Marketplace -- 8 Purpose and Global Competitiveness: The Realities -- 9 America's Rivals: Changing the Rules of Competition --CONCLUSION The Lessons for Leadership -- 10 Infusing Purpose: A Moral and Strategic Responsibility of Leadership. | |
| 511 | _aCatalogued By: Mahitab. | ||
| 650 | 0 | _aLeadership. | |
| 650 | 0 | _aBusiness planning. | |
| 650 | 0 | _aOrganizational effectiveness. | |
| 650 | 0 | _aCompetition, International. | |
| 650 | 0 | _aIndustrial management. | |
| 856 | 4 | 1 |
_3Table of contents _uhttp://www.loc.gov/catdir/toc/fy033/2002007221.html |
| 856 | 4 | 1 |
_3Contributor biographical information _uhttp://www.loc.gov/catdir/enhancements/fy0710/2002007221-b.html |
| 856 | 4 | 1 |
_3Publisher description _uhttp://www.loc.gov/catdir/enhancements/fy0710/2002007221-d.html |
| 942 |
_cBB _k658.4092ELL |
||
| 999 |
_c8369 _d8369 |
||